000 00387nam a22001577a 4500
020 _a978-1-84616-491-0
082 _a823
_bMEA/J
100 _aMEADOWS, DAISY
245 _aJADE THE DISCO FAIRY
_bRAINBOW MAGIC
246 _aJADE THE DISCO FAIRY
_bRAINBOW MAGIC
260 _aLONDON
_bORCHARD BOOKS
_c2000
300 _a73
520 _aSHORT STORY
650 _aSHORT STORY
942 _cBK
999 _c3042
_d3042